00884cam a2200241 a 4500999001500000001000600015003000900021005001700030008004100047020001800088040002800106082002000134245006800154260004300222300004100265500002000306650002200326650002000348700002600368942001200394952011800406952011800524 c5592d559217675BD-DhUAP20201222143204.0201215s2009 paua b 001 0 eng  a9788131512104 aDLCcDLCdBD-DhUAPbeng00a624.151 SOI223 aSoil and water engineering /cDelmar D. Fangmeier ... [et al.]. aAustralia :bCengage learning,cc2009. a470 pages :billustrations ;c24 cm. aIncludes index. aSoil engineering. aSoil mechanics. aFangmeier, Delmar D.  2ddccBK 00102ddc4070aUAPCLbUAPCLcGeneral Stacksd2020-12-15o624.151 SOIp3010017675r2020-12-15t1w2020-12-15yBK 00102ddc4070aUAPCLbUAPCLcGeneral Stacksd2020-12-15o624.151 SOIp3010017657r2020-12-15t2w2020-12-15yBK